000 00506nam a2200193Ia 4500
003 OSt
005 20250711160248.0
008 210210b1980 xxu||||| |||| 00| 0 eng d
040 _cAL
041 _aeng
082 _aK894.3 KAMK
100 _aKAMARUPI.
_dಕಾಮರೂಪಿ
_9218364
245 _aKuduremotte
_b ಕುದುರೆಮೊಟ್ಟೆ
260 _aDharavada
_bManohara Granthamale
_c1980
300 _a120
690 _aKannada Fiction
_9218365
906 _a049259
942 _2ddc
_cBK
999 _c98339
_d98339